000 00931nas a2200277 4500
001 BR7702901
003 BR-BrBNA
005 20231205083209.0
007 ta
008 230509b bl.|||p| |||| 00| 00por d
040 _aBR-BrBNA
_bpor
_cBiblioteca Nacional de Agricultura
041 _a(Pt)
072 _aE70
110 1 _aEmpresa de Pesquisa Agropecuaria de Minas Gerais, Belo Horizonte (Brasil)
245 1 _aEstatisticas agricolas [Comercializacao; Mercado; Preco; Minas Gerais; Brasil]
650 _aComercializacao
650 _aMercado atacadista
650 _aMercado varejista
650 _aPreco medio
650 _aPreco pago
650 _aPreco recebido
650 _aMinas Gerais
773 0 _tInforme Agropecuario - Empresa de Pesquisa Agropecuaria de Minas Gerais (Brazil)
_xISSN 0100-3364
_g(Jun 1977), v. 3(30) p. 41-61
_wBR7702901
909 _a202311
_bLúcia
_c55
_dLúcia Elande
942 _2AGRIS
_n0
_cANA
999 _c97069
_d97069